E-business, nový smer rozvoja podnikania

Enregistré dans:
Détails bibliographiques
Auteur principal: Szivósová, Mária, 1958-
Format: Chapitre de livre
Langue:slovaque
Tags: Ajouter un tag
Pas de tags, Soyez le premier à ajouter un tag!

MARC

LEADER 00000nla$a2200000$$$4500
001 0062801
005 20240502071718.8
041 0 |a slo 
044 |a SK 
245 1 0 |a E-business, nový smer rozvoja podnikania  |c Mária Szivósová 
100 1 |a Szivósová, Mária, 1958-